Normal view MARC view
  • Trivedi,Priyaranjan

Entry Personal Name

Number of records used in: 1

001 - CONTROL NUMBER

  • control field: 10657

003 - CONTROL NUMBER IDENTIFIER

  • control field: OSt

005 - DATE AND TIME OF LATEST TRANSACTION

  • control field: 20260223150725.0

008 - FIXED-LENGTH DATA ELEMENTS

  • fixed length control field: 260223|| aca||aabn | a|a d

040 ## - CATALOGING SOURCE

  • Original cataloging agency: OSt
  • Transcribing agency: OSt

100 ## - HEADING--PERSONAL NAME

  • Personal name: Trivedi,Priyaranjan

670 ## - SOURCE DATA FOUND

  • Source citation: Work cat.: (OSt)756744: Trivedi,Priyaranjan, Fisheries: Past,Present and Future/, ,2023